Exploring the 'captive mind' in Pramoedya Ananta toer's 'Buru Quartet' /
Saved in:
| 主要作者: | |
|---|---|
| 格式: | Thesis 圖書 |
| 語言: | English |
| 出版: |
2019.
|
| 主題: | |
| 標簽: |
添加標簽
沒有標簽, 成為第一個標記此記錄!
|
| LEADER | 01184cam a2200277 i 4500 | ||
|---|---|---|---|
| 001 | u1125880 | ||
| 003 | SIRSI | ||
| 005 | 201911011549 | ||
| 008 | 191101s2019 my m 000 0 eng | ||
| 040 | |a UMM |e rda | ||
| 090 | |a PR13 |b UM 2019 Rab | ||
| 100 | 0 | |a Rabab Borhanuddin, |e author. | |
| 245 | 1 | 0 | |a Exploring the 'captive mind' in Pramoedya Ananta toer's 'Buru Quartet' / |c Rabab Binti Borhanuddin. |
| 264 | 1 | |c 2019. | |
| 300 | |a vii, 101 leaves ; |c 30 cm | ||
| 336 | |a text |2 rdacontent | ||
| 337 | |a unmediated |2 rdamedia | ||
| 338 | |a volume |2 rdacarrier | ||
| 502 | |b M.A.Engl.Lit. |c Jabatan Bahasa Inggeris, Fakulti Sastera dan Sains Sosial, Universiti Malaya |d 2019. | ||
| 504 | |a Bibliography: leaves 99-101. | ||
| 600 | 1 | 0 | |a Toer, Pramoedya Ananta, |d 1925-2006 |x Criticism and interpretation. |
| 650 | 0 | |a Indonesian literature |y 20th century |x History and criticism. | |
| 710 | 2 | |a Universiti Malaya. |b Jabatan Bahasa Inggeris, |e degree granting institution. | |
| 596 | |a 1 | ||
| 900 | |a HH NSM | ||
| 999 | |a PR13 UM 2019 RAB |w LC |c 1 |i A517080721 |f 19/11/2019 |g 1 |l STACKS |m P01UTAMA |r Y |s Y |t TESIS |u 1/11/2019 |1 AHSS |o .STAFF. CD & surat agreement tidak disertakan oleh Fakulti Sastera dan Sains Sosial. | ||
